000
00275nam a2200109Ia 4500
008
190914s9999||||xx |||||||||||||| ||und||
100
_a
Sarwat Sultana Sarwat
245
0
_a
Meri Maghfirat Ka Sabab Banay
260
_a
Karachi
_b
Shuja Alqadir
_c
2006
300
_a
929
942
_c
BK
999
_c
9938
_d
9938